The work that shapes our world (Record no. 115936)

MARC details
000 -LEADER
fixed length control field 00876cam a2200217 4500
001 - CONTROL NUMBER
control field L159476
008 - FIXED-LENGTH DATA ELEMENTS--GENERAL INFORMATION
fixed length control field 040913n2016 000 0 eng u
035 ## - SYSTEM CONTROL NUMBER
System control number (Sirsi) u159476
041 ## - LANGUAGE CODE
Language code of text/sound track or separate title eng
110 2# - MAIN ENTRY--CORPORATE NAME
Corporate name or jurisdiction name as entry element Royal Institution of Chartered Surveyors
9 (RLIN) 4900
245 04 - TITLE STATEMENT
Title The work that shapes our world
Medium [electronic resource]
260 ## - PUBLICATION, DISTRIBUTION, ETC.
Place of publication, distribution, etc. London
Name of publisher, distributor, etc. RICS
Date of publication, distribution, etc. 2016
300 ## - PHYSICAL DESCRIPTION
Extent 8p.
490 #0 - SERIES STATEMENT
Series statement RICS Research
505 2# - FORMATTED CONTENTS NOTE
Formatted contents note Integrity -- Mission -- Our world: challenges -- Our work: meeting the challanges -- Championing international standards -- Delivering confidence -- From best vision to best practice -- RICS professionals: bringing quality to life
520 ## - SUMMARY, ETC.
Summary, etc. Corporate brochure
650 24 - SUBJECT ADDED ENTRY--TOPICAL TERM
Topical term or geographic name entry element ABOUT RICS
651 #4 - SUBJECT ADDED ENTRY--GEOGRAPHIC NAME
Geographic name International
856 48 - ELECTRONIC LOCATION AND ACCESS
Uniform Resource Identifier <a href="https://rics-brochure.1kcloud.com/edlv_ikeTW/">https://rics-brochure.1kcloud.com/edlv_ikeTW/</a>
Public note View the item free of charge from www.rics.org/ourstory
942 ## - ADDED ENTRY ELEMENTS (KOHA)
Suppress in OPAC 0
Holdings
Withdrawn status Lost status Source of classification or shelving scheme Damaged status Not for loan Home library Current library Shelving location Date acquired Total Checkouts Full call number Barcode Date last seen Copy number Price effective from Koha item type
    Dewey Decimal Classification     London London RICS Boxes 28/07/2017   RICS 2016/10 30078443 06/08/2019 1 06/08/2019 Archive
    Dewey Decimal Classification     London London RICS Boxes 28/07/2017   RICS 2016/10 30078444 06/08/2019 2 06/08/2019 Reference material
    Dewey Decimal Classification     London London RICS Boxes 01/08/2017   RICS 2016/10 30078490 06/08/2019 3 06/08/2019 Reference material
    Dewey Decimal Classification     Virtual Virtual Online 28/07/2017   ONLINE PUBLICATION 159476-2001 06/08/2019 1 06/08/2019 Book